000
00301nam a22001337a 4500
008
170605b xxu||||| |||| 00| 0 eng d
020
_a
9780802841957
041
_a
eng
080
_a
94(4)
100
_a
18
101
_a
SHH
245
_a
HANDBOOK EUROPEAN HISTORY
_c
BRADY.TH.A
942
_2
udc
_c
BK
999
_c
15879
_d
15879